Fr. Conceicao Rodrigues College of Engineering

Intrd. To Mathematical Statistics (Record no. 34444)

MARC details
000 -LEADER
fixed length control field 00301nam a2200133Ia 4500
082 ## - DEWEY DECIMAL CLASSIFICATION NUMBER
Classification number 519.5
100 ## - MAIN ENTRY--PERSONAL NAME
Personal name Hogg/R. V ;Craig/A.T
245 ## - TITLE STATEMENT
Title Intrd. To Mathematical Statistics
260 ## - PUBLICATION, DISTRIBUTION, ETC.
Name of publisher, distributor, etc. Amerind Publ. Co
Place of publication, distribution, etc. Delhi
Date of publication, distribution, etc. 1972
300 ## - PHYSICAL DESCRIPTION
Extent 415
546 ## - LANGUAGE NOTE
Language note ENGLISH
654 ## - SUBJECT ADDED ENTRY--FACETED TOPICAL TERMS
Focus term Statistics
942 ## - ADDED ENTRY ELEMENTS (KOHA)
Koha item type BOOK
Holdings
Withdrawn status Lost status Damaged status Not for loan Collection Home library Current library Date acquired Cost, normal purchase price Inventory number Total Checkouts Full call number Barcode Date last seen Cost, replacement price Price effective from Koha item type
        AFT Fr. Agnel's C.Rodrigues College of Engineering Fr. Agnel's C.Rodrigues College of Engineering 17/03/2023 16.50 T-424   519.5 AFT1379 17/03/2023 16.50 17/03/2023 BOOK